000 00305nam a2200133Ia 4500
005 20251222152618.0
008 251222s9999||||xx |||||||||||||| ||spa||
082 _a864/S47
100 _aShakespeare
245 0 _aDramas Comedias II
250 _a1ra.ed.
264 _bEdiciones Nauta,S.A.
942 _cLIB
999 _c27257
_d27257